| 000 | 00662nam a2200241Ia 4500 | ||
|---|---|---|---|
| 003 | OSt | ||
| 005 | 20220928130746.0 | ||
| 006 | a|||||r|||| 00| 0 | ||
| 007 | ta | ||
| 008 | 220927b |||||||| |||| 00| 0 eng d | ||
| 024 | _a43679 | ||
| 037 | _cTextual | ||
| 040 |
_aSDCL _cSDCL _beng |
||
| 041 |
_2eng _aeng |
||
| 082 | _aD6,8(B),94, P7 | ||
| 100 |
_aPalmer Michael _9450696 |
||
| 245 | 0 | _aGuide to operating systems security. | |
| 260 |
_aAustralia _bCengage Learning _c2007 |
||
| 300 |
_axxii,618p. _ccm. |
||
| 650 | _aOperating Systems-Computers | ||
| 942 |
_hD6,8(B),94, P7 _cTEXL _2CC |
||
| 999 |
_c788421 _d788421 |
||